| 000 | 01444cam a22003734i 4500 | ||
|---|---|---|---|
| 003 | PE-LiUPU | ||
| 005 | 20250731175622.0 | ||
| 008 | s1966 |r 000 0 eng d | ||
| 035 | _a(Sirsi) a204227 | ||
| 040 |
_aPE-LiUPU _bspa _cPE-LiUPU _erda |
||
| 049 | _aPRUA | ||
| 082 | 0 | 4 |
_a487.4 _bG7 _221 |
| 245 | 0 | 4 |
_athe greek new testament / _cEdited by Kurt Aland, Matthew Black, Carlo M. Martini. |
| 246 | _aTercera edición. | ||
| 264 | 1 |
_aNew York : _bSociedades Biblicas Unidas, _c1966. |
|
| 300 |
_a200 páginas ; _c20 centímetros. |
||
| 336 |
_atext _2rdacontent |
||
| 337 |
_aunmediated _2rdamedia |
||
| 338 |
_avolume _2rdacarrier |
||
| 505 | 2 | _aNota sobre la edición castellana -- Prefacio a la primera edición -- Prefacio a la tercera edición -- Introducción -- El texto -- El aparato textual -- El aparato de puntuación -- El sistema de referencias -- Clave de símbolos y abreviaturas. | |
| 526 | _aP145 | ||
| 526 | _aP127 | ||
| 526 | _aP97 | ||
| 526 | _aP35 | ||
| 526 | _aP14 | ||
| 526 | _aP07 | ||
| 650 | 0 | 4 | _aGriego |
| 700 | 1 |
_aMetzger, Bruce L., _eeditor. |
|
| 942 |
_2ddc _cBOOK |
||
| 994 |
_aC0 _bPEPRU |
||
| 596 | _a1 | ||
| 999 |
_a487.4 G7 _wLC _c20599 _i76051 _d20599 _f2021-11-11 _g4 _lCCODEBUL1 _mBUL _p10.00 _q3 _r0 _sY _tBOOK _u2017-6-1 _xTEOLOGIA _PP85 _0COMPRA _o.STAFF. Colección Teología |
||
| 980 |
_81 _gALBERTO SANCHEZ Responsable de Automatización |
||